[Event "Oberliga Ost-A 1617"]
[Site "Germany"]
[Date "2017.05.06"]
[Round "10.3"]
[White "Paul, Johannes"]
[Black "Kukel, Imre"]
[Result "1/2-1/2"]
[WhiteElo "2297"]
[BlackElo "2251"]
[PlyCount "63"]
[EventDate "2016.10.16"]
[EventType "team-tourn"]
[EventRounds "11"]
[EventCountry "GER"]
[SourceTitle "EXT 2018"]
[Source "ChessBase"]
[SourceDate "2017.10.13"]
[SourceVersion "1"]
[SourceVersionDate "2017.10.13"]
[SourceQuality "1"]
[WhiteTeam "Magdeburg Aufbau Elbe"]
[BlackTeam "Dresden USV TU II"]
[WhiteTeamCountry "GER"]
[BlackTeamCountry "GER"]

1. Nf3 c5 2. c4 Nf6 3. Nc3 Nc6 4. g3 g6 5. Bg2 Bg7 6. d4 d6 7. dxc5 dxc5 8. Qxd8+ Nxd8 9. Ne5 Nd7 10. Nd3 Bxc3+ 11. bxc3 Ne6 12. Be3 Rb8 13. a4 b6 14. a5 Bb7 15. Bd5 Nc7 16. Bxb7 Rxb7 17. Bf4 bxa5 18. 0-0 Ne6 19. Rxa5 0-0 20. Rfa1 Ra8 21. Rb5 Rb6 22. Ne5 Nef8 23. Raa5 a6 24. Rxb6 Nxb6 25. Nc6 Ne6 26. Nxe7+ Kf8 27. Nd5 Nxc4 28. Ra4 Nb2 29. Ra2 Nc4 30. Ra4 Nb2 31. Ra2 Nc4 32. Ra4 1/2-1/2

[Event "SVK-chT1W 1415"]
[Site "Slovakia"]
[Date "2015.03.01"]
[Round "9.5"]
[White "Kukel, Imre"]
[Black "Ruckschloss, Karol"]
[Result "0-1"]
[WhiteElo "2279"]
[BlackElo "2207"]
[PlyCount "74"]
[EventDate "2014.10.18"]
[EventType "team-tourn"]
[EventRounds "11"]
[EventCountry "SVK"]
[SourceTitle "EXT 2016"]
[Source "ChessBase"]
[SourceDate "2015.10.08"]
[SourceVersion "1"]
[SourceVersionDate "2015.10.08"]
[SourceQuality "1"]
[WhiteTeam "Komarno KSC"]
[BlackTeam "Bratislava Slovan III"]
[WhiteTeamCountry "SVK"]
[BlackTeamCountry "SVK"]

1. e4 e6 2. d4 d5 3. Nc3 Nf6 4. e5 Nfd7 5. f4 c5 6. Nf3 Nc6 7. Be3 a6 8. Ne2 b5 9. c3 c4 10. g4 Nb6 11. Ng3 b4 12. Bh3 Be7 13. 0-0 Kd7 14. f5 Kc7 15. cxb4 Nxb4 16. a3 Nc6 17. Qc2 Na5 18. Nd2 Bg5 19. Qc3 Nc6 20. b3 cxb3 21. Qxb3 Rb8 22. Qd3 Nc4 23. Bxg5 Qxg5 24. Nxc4 dxc4 25. Qe4 Rd8 26. Bg2 Rb6 27. Rfd1 Bb7 28. Qe2 Qf4 29. Nh5 Qg5 30. fxe6 fxe6 31. h4 Qxh4 32. Nxg7 Nxd4 33. Qxc4+ Rc6 34. Rxd4 Rxc4 35. Rxc4+ Kb6 36. Rb1+ Ka5 37. Nxe6 Rd2 0-1

[Event "SVK-chT1W 1415"]
[Site "Slovakia"]
[Date "2015.01.11"]
[Round "6.6"]
[White "Kukel, Imre"]
[Black "Polacik, Igor"]
[Result "1/2-1/2"]
[WhiteElo "2279"]
[BlackElo "2173"]
[PlyCount "61"]
[EventDate "2014.10.18"]
[EventType "team-tourn"]
[EventRounds "11"]
[EventCountry "SVK"]
[SourceTitle "EXT 2016"]
[Source "ChessBase"]
[SourceDate "2015.10.08"]
[SourceVersion "1"]
[SourceVersionDate "2015.10.08"]
[SourceQuality "1"]
[WhiteTeam "Komarno KSC"]
[BlackTeam "Topolciansky CVC"]
[WhiteTeamCountry "SVK"]
[BlackTeamCountry "SVK"]

1. e4 e5 2. Nf3 Nc6 3. Bb5 a6 4. Ba4 d6 5. c3 Bd7 6. 0-0 Nge7 7. d4 Ng6 8. Nbd2 Be7 9. Re1 h6 10. Nf1 Bg5 11. Ne3 Bxe3 12. Bxe3 0-0 13. h3 Qe7 14. Bc2 Nd8 15. Qe2 Qf6 16. Rad1 Be6 17. Nh2 Nf4 18. Qf3 g5 19. Kh1 Kg7 20. Bb3 Bxb3 21. axb3 Nc6 22. Nf1 Ng6 23. Qe2 Nf4 24. Qd2 Kh7 25. Ng3 Rae8 26. Qc2 Rg8 27. dxe5 dxe5 28. Rd7 Ne6 29. Nf5 Rd8 30. Red1 Rxd7 31. Rxd7 1/2-1/2

[Event "SVK-chT1W 1415"]
[Site "Slovakia"]
[Date "2014.11.30"]
[Round "4.1"]
[White "Veres, Andrej"]
[Black "Kukel, Imre"]
[Result "1-0"]
[WhiteElo "2179"]
[BlackElo "2279"]
[PlyCount "59"]
[EventDate "2014.10.18"]
[EventType "team-tourn"]
[EventRounds "11"]
[EventCountry "SVK"]
[SourceTitle "EXT 2016"]
[Source "ChessBase"]
[SourceDate "2015.10.08"]
[SourceVersion "1"]
[SourceVersionDate "2015.10.08"]
[SourceQuality "1"]
[WhiteTeam "Dubnica nad Vahom II"]
[BlackTeam "Komarno KSC"]
[WhiteTeamCountry "SVK"]
[BlackTeamCountry "SVK"]

1. d4 Nf6 2. Nf3 g6 3. c4 Bg7 4. Nc3 d5 5. Bg5 Ne4 6. cxd5 Nxg5 7. Nxg5 e6 8. Qd2 h6 9. Nh3 exd5 10. Qe3+ Kf8 11. Nf4 Nc6 12. 0-0-0 Ne7 13. Qf3 c6 14. e3 h5 15. h3 Kg8 16. Bd3 Bf5 17. Be2 c5 18. g4 hxg4 19. hxg4 Rxh1 20. Qxh1 Be6 21. Kb1 Rc8 22. Qh4 cxd4 23. exd4 Nc6 24. g5 Bf5+ 25. Bd3 Bxd3+ 26. Rxd3 Nb4 27. Rh3 Qd7 28. Qh7+ Kf8 29. Nxg6+ fxg6 30. Rf3+ 1-0

[Event "SVK-chT1W 1415"]
[Site "Slovakia"]
[Date "2014.10.19"]
[Round "2.3"]
[White "Kukel, Imre"]
[Black "Gazik, Igor"]
[Result "0-1"]
[WhiteElo "2279"]
[BlackElo "2321"]
[PlyCount "96"]
[EventDate "2014.10.18"]
[EventType "team-tourn"]
[EventRounds "11"]
[EventCountry "SVK"]
[SourceTitle "EXT 2016"]
[Source "ChessBase"]
[SourceDate "2015.10.08"]
[SourceVersion "1"]
[SourceVersionDate "2015.10.08"]
[SourceQuality "1"]
[WhiteTeam "Komarno KSC"]
[BlackTeam "Prievidza SK"]
[WhiteTeamCountry "SVK"]
[BlackTeamCountry "SVK"]

1. e4 e5 2. Nf3 Nc6 3. Bb5 g6 4. d4 exd4 5. c3 d3 6. Qxd3 Bg7 7. Bg5 Nge7 8. Na3 h6 9. Bf4 d6 10. h4 a6 11. Ba4 b5 12. Bb3 Bb7 13. Nc2 Ne5 14. Bxe5 dxe5 15. Qe3 Qd7 16. h5 g5 17. Rd1 Qg4 18. Qc5 Qxg2 19. Qxc7 Qxh1+ 20. Ke2 Qh3 21. Qxb7 Qc8 22. Qb6 0-0 23. Ne3 Qc6 24. Qxc6 Nxc6 25. Rd7 Ra7 26. Rd6 Ne7 27. Ng4 Kh7 28. Ngxe5 Bxe5 29. Nxe5 Kg7 30. Ng4 Ng8 31. Ne3 Ne7 32. Rb6 Rc8 33. Kf3 Rd8 34. Ng4 Ng8 35. Bd5 Ne7 36. Bb3 Rd3+ 37. Kg2 Ng8 38. Bd5 Rd2 39. Bb7 Rxb2 40. Bxa6 Re7 41. e5 Rc7 42. Bxb5 Rxc3 43. a4 Ne7 44. Rd6 Nf5 45. Rd7 Rg3+ 46. Kf1 Rxg4 47. e6 Rb1+ 48. Ke2 Nd4+ 0-1

[Event "Tatabanya Genius Cup 2nd"]
[Site "Tatabanya"]
[Date "2014.09.05"]
[Round "4"]
[White "Kukel, Imre"]
[Black "Laszlo, Imre"]
[Result "1/2-1/2"]
[WhiteElo "1824"]
[BlackElo "2158"]
[PlyCount "48"]
[EventDate "2014.08.31"]
[EventType "swiss"]
[EventRounds "6"]
[EventCountry "HUN"]
[SourceTitle "EXT 2019"]
[Source "ChessBase"]
[SourceDate "2018.10.10"]
[SourceVersion "1"]
[SourceVersionDate "2018.10.10"]
[SourceQuality "1"]

1. d4 Nf6 2. Nf3 g6 3. Bg5 Bg7 4. Bxf6 Bxf6 5. e3 d6 6. Nbd2 Nd7 7. c3 e5 8. Be2 Qe7 9. Ne4 Bg7 10. dxe5 Nxe5 11. Nxe5 Bxe5 12. Ng3 h5 13. Bf3 Kf8 14. Qb3 c6 15. Ne2 Be6 16. Qc2 a5 17. Nd4 Bg4 18. Qe2 Bxf3 19. Nxf3 d5 20. Nxe5 Qxe5 21. 0-0-0 b5 22. Qd3 b4 23. Qd4 Qxd4 24. cxd4 Rc8 1/2-1/2

[Event "Gyor op-B 5th"]
[Site "Gyor"]
[Date "2014.07.11"]
[Round "4"]
[White "Kukel, Imre"]
[Black "Nagy, Istvan Miklos"]
[Result "1-0"]
[WhiteElo "1851"]
[BlackElo "1552"]
[PlyCount "109"]
[EventDate "2014.07.09"]
[EventType "swiss"]
[EventRounds "9"]
[EventCountry "HUN"]
[SourceTitle "EXT 2016"]
[Source "ChessBase"]
[SourceDate "2015.10.08"]
[SourceVersion "1"]
[SourceVersionDate "2015.10.08"]
[SourceQuality "1"]

1. d4 d5 2. Nf3 Nf6 3. Bg5 e6 4. e3 Be7 5. Nbd2 Nbd7 6. Bd3 0-0 7. c3 b6 8. Ne5 Bb7 9. h4 c5 10. Qf3 Qc7 11. Nxd7 Qxd7 12. Bxf6 Bxf6 13. g4 e5 14. Bf5 Qd6 15. g5 Be7 16. 0-0-0 e4 17. Qg2 g6 18. dxc5 bxc5 19. Bg4 Qe5 20. Rh3 Bc8 21. f4 exf3 22. Rxf3 Bxg4 23. Qxg4 Qe6 24. Qg2 f6 25. gxf6 Rxf6 26. h5 Rxf3 27. Qxf3 Rf8 28. Qg2 g5 29. e4 dxe4 30. Nxe4 h6 31. b3 Qf5 32. Qe2 Qf4+ 33. Kb1 Qf5 34. Qc4+ Kg7 35. Rd5 Qf1+ 36. Qxf1 Rxf1+ 37. Kc2 Rf7 38. a4 a5 39. Re5 Bf8 40. Re6 Be7 41. Kd2 Kh7 42. Kd3 Kg7 43. Kc4 Kh7 44. Kb5 Bd8 45. Kxc5 Rf5+ 46. Kd4 g4 47. Ke3 Rxh5 48. Rd6 Bh4 49. Kf4 g3 50. Nxg3 Bxg3+ 51. Kxg3 Rg5+ 52. Kf4 Rc5 53. c4 h5 54. Rb6 Kg7 55. Rb5 1-0

[Event "Gyor op-B 5th"]
[Site "Gyor"]
[Date "2014.07.11"]
[Round "5"]
[White "Osztruzslik, Mark"]
[Black "Kukel, Imre"]
[Result "1-0"]
[WhiteElo "1997"]
[BlackElo "1851"]
[PlyCount "95"]
[EventDate "2014.07.09"]
[EventType "swiss"]
[EventRounds "9"]
[EventCountry "HUN"]
[SourceTitle "EXT 2016"]
[Source "ChessBase"]
[SourceDate "2015.10.08"]
[SourceVersion "1"]
[SourceVersionDate "2015.10.08"]
[SourceQuality "1"]

1. d4 Nf6 2. Nf3 g6 3. Bf4 Bg7 4. e3 c5 5. c3 Qb6 6. Qc2 d5 7. dxc5 Qxc5 8. Nbd2 0-0 9. Bd3 Nc6 10. 0-0 Nh5 11. Bg3 e5 12. e4 Nxg3 13. hxg3 dxe4 14. Nxe4 Qe7 15. Ned2 Bg4 16. Nh2 Be6 17. Bc4 Bf5 18. Bd3 Bd7 19. Rae1 Rac8 20. Qb1 Rfd8 21. Re2 f5 22. Rfe1 Qc5 23. Kh1 b5 24. f3 Rc7 25. Bc2 Bc8 26. Ndf1 Bf6 27. Rd1 b4 28. Rxd8+ Bxd8 29. Bb3+ Kg7 30. cxb4 Nxb4 31. Qd1 Be7 32. a3 Nc6 33. Rc2 Qd4 34. Qc1 Bb7 35. Rc4 Qb6 36. Ba4 Bd6 37. Ne3 Nd4 38. Bd1 a5 39. Qc3 Nb5 40. Qc1 Rd7 41. Ba4 Rd8 42. Nxf5+ gxf5 43. Qg5+ Kh8 44. Qf6+ Kg8 45. Ng4 h5 46. Nh6+ Kh7 47. Nxf5 Bc5 48. Qg7# 1-0

[Event "Budapest Art Pub Cup 2nd"]
[Site "Budapest"]
[Date "2013.08.10"]
[Round "3"]
[White "Kukel, Imre"]
[Black "Lengyel, Andrea"]
[Result "0-1"]
[WhiteElo "1861"]
[BlackElo "1714"]
[PlyCount "37"]
[EventDate "2013.08.09"]
[EventType "swiss"]
[EventRounds "6"]
[EventCountry "HUN"]
[SourceTitle "CBM 156 Extra"]
[Source "ChessBase"]
[SourceDate "2013.10.22"]
[SourceVersion "1"]
[SourceVersionDate "2013.10.22"]
[SourceQuality "1"]

1. e3 e5 2. c4 d6 3. Nc3 Nc6 4. d4 Nf6 5. d5 Ne7 6. Bd3 Ng6 7. h4 c6 8. h5 Ne7 9. dxc6 Nxc6 10. Nge2 Bg4 11. Qc2 Bxh5 12. Nd5 Bxe2 13. Kxe2 h6 14. b4 a6 15. Bd2 Be7 16. a4 Rc8 17. Bf5 Nxd5 18. Qb3 Nf4+ 19. exf4 0-1

[Event "Tatabanya Genius Cup 1st"]
[Site "Tatabanya"]
[Date "2013.03.17"]
[Round "6"]
[White "Kukel, Imre"]
[Black "Kulhanek, Jozsef"]
[Result "1-0"]
[WhiteElo "1855"]
[BlackElo "1693"]
[PlyCount "71"]
[EventDate "2013.03.14"]
[EventType "swiss"]
[EventRounds "6"]
[EventCountry "HUN"]
[SourceTitle "EXT 2014"]
[Source "ChessBase"]
[SourceDate "2013.11.20"]
[SourceVersion "1"]
[SourceVersionDate "2013.11.20"]
[SourceQuality "1"]

1. b4 c6 2. Bb2 d5 3. e3 Nf6 4. c4 Bf5 5. Nf3 Nbd7 6. Qb3 e6 7. Be2 Be7 8. 0-0 0-0 9. a4 Be4 10. Nc3 dxc4 11. Bxc4 Bd5 12. Nxd5 cxd5 13. Be2 Qb6 14. Bb5 a6 15. Bd4 Qd8 16. Be2 Ne4 17. d3 Ng5 18. Ne5 Bf6 19. Nxd7 Bxd4 20. exd4 Qxd7 21. h4 Nh3+ 22. gxh3 e5 23. dxe5 Qxh3 24. Qxd5 Qxh4 25. f4 g5 26. Qg2 Kh8 27. Qg4 Qh6 28. fxg5 Qb6+ 29. Kh2 Rac8 30. Qe4 Rc2 31. Rf6 Rc6 32. Raf1 Rg8 33. Rxc6 bxc6 34. Rxf7 Rg7 35. Rf8+ Rg8 36. Qf4 1-0

[Event "SVK-ch op-A"]
[Site "Banska Stiavnica"]
[Date "2012.07.11"]
[Round "5"]
[White "Danada, Tomas"]
[Black "Kukel, Imre"]
[Result "0-1"]
[WhiteElo "2079"]
[BlackElo "2291"]
[PlyCount "44"]
[EventDate "2012.07.07"]
[EventType "swiss"]
[EventRounds "9"]
[EventCountry "SVK"]
[SourceTitle "CBM 149 Extra"]
[Source "ChessBase"]
[SourceDate "2012.08.24"]
[SourceVersion "1"]
[SourceVersionDate "2012.08.24"]
[SourceQuality "1"]

1. d4 Nf6 2. c4 g6 3. Nc3 d5 4. h4 c5 5. dxc5 d4 6. Nb5 e5 7. b4 Nc6 8. Bg5 Be7 9. a3 0-0 10. e3 a5 11. Rb1 Bf5 12. Rb2 axb4 13. axb4 dxe3 14. Bxe3 Qxd1+ 15. Kxd1 Ra1+ 16. Ke2 Rd8 17. Rd2 Nxb4 18. Nd6 Bxd6 19. cxd6 Bd3+ 20. Kf3 Rxf1 21. Bc5 e4+ 22. Kg3 Nc6 0-1

[Event "SVK-chT1W 1112"]
[Site "Slovakia"]
[Date "2012.03.03"]
[Round "10.2"]
[White "Kukel, Imre"]
[Black "Castiglione, Mario"]
[Result "1-0"]
[WhiteElo "2305"]
[BlackElo "2282"]
[PlyCount "141"]
[EventDate "2011.10.15"]
[EventType "team-tourn"]
[EventRounds "11"]
[EventCountry "SVK"]
[SourceTitle "EXT 2013"]
[Source "ChessBase"]
[SourceDate "2012.11.22"]
[SourceVersion "1"]
[SourceVersionDate "2012.11.22"]
[SourceQuality "1"]
[WhiteTeam "Komarno"]
[BlackTeam "Bratislava Slovan III"]
[WhiteTeamCountry "SVK"]
[BlackTeamCountry "SVK"]

1. e4 e5 2. Nf3 Nc6 3. Bb5 a6 4. Ba4 Nf6 5. 0-0 Be7 6. Re1 b5 7. Bb3 d6 8. c3 0-0 9. h3 Na5 10. Bc2 d5 11. d4 Nxe4 12. Nxe5 Bd6 13. Nd2 Nxd2 14. Qxd2 Qh4 15. b3 f6 16. Nf3 Qh5 17. Bd1 Qf7 18. a4 Bd7 19. c4 Nc6 20. c5 Be7 21. Qf4 Rac8 22. axb5 axb5 23. Be2 Nd8 24. Bd3 Re8 25. Ra7 Ne6 26. Qf5 Nf8 27. Qf4 Ne6 28. Qd2 Nf8 29. Qa5 Bd8 30. Be3 c6 31. Qa6 Bc7 32. Ra1 Qh5 33. Be2 Bxh3 34. gxh3 Qxh3 35. Rxc7 Rxc7 36. Qb6 Rcc8 37. Ra7 Re4 38. Ne1 Rxe3 39. fxe3 Qxe3+ 40. Kf1 Re8 41. Ra2 Re6 42. Qc7 f5 43. Nf3 h6 44. Ne5 Qf4+ 45. Ke1 Qh4+ 46. Kf1 Qh1+ 47. Kf2 Qh2+ 48. Ke3 Qg1+ 49. Kd3 Qb1+ 50. Rc2 Qxb3+ 51. Kd2 Qb4+ 52. Kd3 Kh7 53. Bh5 Qb3+ 54. Kd2 Qg3 55. Bf7 Qf4+ 56. Ke1 Qh4+ 57. Rf2 Re7 58. Qd6 Qf6 59. Rxf5 Qxf5 60. Qxe7 Qe4+ 61. Kf1 Qf4+ 62. Ke2 Qe4+ 63. Kd2 Qxd4+ 64. Nd3 h5 65. Qxf8 h4 66. Qg8+ Kh6 67. Qh8+ Kg5 68. Qh5+ Kf6 69. Qg6+ Ke7 70. Qe6+ Kd8 71. Qd6+ 1-0

[Event "Bratislava Slovan op"]
[Site "Bratislava"]
[Date "2011.06.09"]
[Round "3"]
[White "Janos, Jozef"]
[Black "Kukel, Imre"]
[Result "1-0"]
[WhiteElo "2140"]
[BlackElo "1992"]
[PlyCount "86"]
[EventDate "2011.06.07"]
[EventType "swiss"]
[EventRounds "9"]
[EventCountry "SVK"]
[SourceTitle "EXT 2023"]
[Source "ChessBase"]
[SourceDate "2022.10.05"]
[SourceVersion "1"]
[SourceVersionDate "2022.10.05"]
[SourceQuality "1"]

1. e4 c5 2. Nf3 e6 3. d4 cxd4 4. Nxd4 Nf6 5. Nc3 d6 6. Be2 a6 7. 0-0 Qc7 8. Be3 Nbd7 9. Kh1 b5 10. f3 Be7 11. a3 0-0 12. Qe1 Re8 13. Rd1 Bb7 14. Qg3 Ne5 15. Bc1 Rad8 16. f4 Nc6 17. Nf3 Na5 18. Bd3 Nc4 19. Rde1 d5 20. e5 Nd7 21. f5 exf5 22. Bxf5 Nf8 23. Nd4 Bc5 24. e6 Nxe6 25. Nxe6 Qxg3 26. hxg3 fxe6 27. Bxe6+ Kh8 28. Bg5 Rd6 29. Be7 Rxe6 30. Rxe6 Bc8 31. Ree1 Be3 32. Nxd5 Bd2 33. Nc7 Rg8 34. Re2 Bg4 35. Re4 h5 36. b3 Ne3 37. Rf2 Nf5 38. Rxg4 Nxe7 39. Rh4 Bh6 40. Rxh5 Rb8 41. Nxa6 Rb6 42. Nc7 g5 43. Ne6 Rxe6 1-0

[Event "CZE-chT1W 1011"]
[Site "Czech Republic"]
[Date "2011.02.13"]
[Round "8.4"]
[White "Studnicka, Tomas"]
[Black "Kukel, Imre"]
[Result "1/2-1/2"]
[WhiteElo "2348"]
[BlackElo "2277"]
[PlyCount "120"]
[EventDate "2010.10.10"]
[EventType "team-tourn"]
[EventRounds "11"]
[EventCountry "CZE"]
[SourceTitle "EXT 2012"]
[Source "ChessBase"]
[SourceDate "2011.11.24"]
[SourceVersion "1"]
[SourceVersionDate "2011.11.24"]
[SourceQuality "1"]
[WhiteTeam "Postovni Sporitelna"]
[BlackTeam "Praha Bohemians"]
[WhiteTeamCountry "CZE"]
[BlackTeamCountry "CZE"]

1. c4 e5 2. Nc3 Nf6 3. g3 Bb4 4. Bg2 0-0 5. e4 d6 6. Nge2 c6 7. Qb3 Na6 8. 0-0 Re8 9. h3 Be6 10. d4 exd4 11. Nxd4 Qb6 12. Nxe6 Rxe6 13. Na4 Qa5 14. a3 Bc5 15. Qc2 Qc7 16. Bf4 Rae8 17. Rae1 Nh5 18. Bd2 Bd4 19. Qd3 Bc5 20. Kh2 Nf6 21. Bf4 Nh5 22. Bc1 Nf6 23. b4 Bb6 24. Bb2 Qe7 25. f3 Nd7 26. f4 f5 27. Qc3 fxe4 28. Rxe4 Rxe4 29. Bxe4 Nf6 30. Bf3 Qe3 31. Qxe3 Rxe3 32. Nxb6 axb6 33. Kg2 Nc7 34. Rd1 Nfe8 35. Rd2 Kf7 36. f5 b5 37. cxb5 Nxb5 38. Bh5+ Kf8 39. Re2 Rxe2+ 40. Bxe2 d5 41. Bxb5 cxb5 42. Be5 Kf7 43. Kf3 Nf6 44. Ke3 Nd7 45. Kd4 Nb6 46. g4 g6 47. fxg6+ hxg6 48. Bc7 Nc4 49. Kxd5 Nxa3 50. Bf4 Nb1 51. Kc5 Nc3 52. h4 Ke6 53. h5 gxh5 54. gxh5 Kf5 55. h6 Kg6 56. Bc1 Kh7 57. Kb6 Na2 58. Kxb5 Nxc1 59. Kb6 Na2 60. b5 Nc3 1/2-1/2

[Event "CZE-chT1W 1011"]
[Site "Czech Republic"]
[Date "2011.01.16"]
[Round "6.3"]
[White "Kukel, Imre"]
[Black "Pribyl, Josef"]
[Result "1/2-1/2"]
[WhiteElo "2277"]
[BlackElo "2342"]
[PlyCount "138"]
[EventDate "2010.10.10"]
[EventType "team-tourn"]
[EventRounds "11"]
[EventCountry "CZE"]
[SourceTitle "EXT 2012"]
[Source "ChessBase"]
[SourceDate "2011.11.24"]
[SourceVersion "1"]
[SourceVersionDate "2011.11.24"]
[SourceQuality "1"]
[WhiteTeam "Praha Bohemians"]
[BlackTeam "Praha Holdia II"]
[WhiteTeamCountry "CZE"]
[BlackTeamCountry "CZE"]

1. e4 d6 2. d4 Nf6 3. Nc3 g6 4. Be3 c6 5. Nf3 Qb6 6. b3 Bg7 7. Be2 Nbd7 8. 0-0 0-0 9. Qd2 Qc7 10. a4 b6 11. Rad1 a6 12. h3 Bb7 13. e5 Nd5 14. Bg5 dxe5 15. Nxd5 cxd5 16. Bxe7 Rfe8 17. Bg5 exd4 18. Rfe1 Re4 19. Bh6 Bh8 20. Bd3 Rxe1+ 21. Rxe1 Nc5 22. Qe2 Bc6 23. Ng5 Bg7 24. Bxg7 Kxg7 25. Qg4 Ne4 26. f3 Bd7 27. Qh4 Nxg5 28. Qxg5 Be6 29. f4 f6 30. Qh4 Bf7 31. Qf2 Qc5 32. g4 a5 33. g5 Re8 34. Rxe8 Bxe8 35. gxf6+ Kxf6 36. f5 Kg7 37. f6+ Kg8 38. Qf4 Kf7 39. h4 Qc6 40. Bb5 Qe6 41. Qc7+ Kxf6 42. Qd8+ Kf7 43. Bxe8+ Qxe8 44. Qxd5+ Qe6 45. Qxd4 Qe1+ 46. Kg2 Qe2+ 47. Kg3 Qxc2 48. Qxb6 Qc3+ 49. Kg2 h5 50. Qb7+ Kf6 51. Qd5 Qe1 52. Qd8+ Kf7 53. Qd5+ Kg7 54. Qd4+ Kh7 55. Qd7+ Kh6 56. Qd8 Qe4+ 57. Kf2 Qc2+ 58. Ke1 Qc3+ 59. Qd2+ Qxd2+ 60. Kxd2 g5 61. hxg5+ Kxg5 62. b4 h4 63. b5 h3 64. b6 h2 65. b7 h1Q 66. b8Q Qd5+ 67. Kc3 Qf3+ 68. Kb2 Qe2+ 69. Ka3 Qe7+ 1/2-1/2

[Event "CZE-chT1W 1011"]
[Site "Czech Republic"]
[Date "2010.12.12"]
[Round "5.4"]
[White "Vanek, Petr"]
[Black "Kukel, Imre"]
[Result "0-1"]
[WhiteElo "2169"]
[BlackElo "2277"]
[PlyCount "94"]
[EventDate "2010.10.10"]
[EventType "team-tourn"]
[EventRounds "11"]
[EventCountry "CZE"]
[SourceTitle "EXT 2012"]
[Source "ChessBase"]
[SourceDate "2011.11.24"]
[SourceVersion "1"]
[SourceVersionDate "2011.11.24"]
[SourceQuality "1"]
[WhiteTeam "Praha Vysehrad"]
[BlackTeam "Praha Bohemians"]
[WhiteTeamCountry "CZE"]
[BlackTeamCountry "CZE"]

1. e4 c5 2. Nf3 d6 3. d3 Nc6 4. g3 g6 5. Bg2 Bg7 6. 0-0 Nf6 7. Nbd2 0-0 8. h3 Rb8 9. Re1 Nd7 10. Nh4 b5 11. f4 e6 12. Ndf3 b4 13. f5 Nd4 14. Nxd4 Bxd4+ 15. Kh2 Bg7 16. Rf1 Ne5 17. fxg6 fxg6 18. Nf3 Rb7 19. Nxe5 Bxe5 20. Rxf8+ Qxf8 21. Qe2 Rf7 22. Be3 Bxb2 23. Rd1 e5 24. Rb1 Bc3 25. h4 Be6 26. Rf1 Bxa2 27. Rxf7 Qxf7 28. Qg4 Qe8 29. Bh6 Kf7 30. Bh3 Qe6 31. Qe2 Qf6 32. Bg5 Qg7 33. Qg4 Kg8 34. Qc8+ Qf8 35. Qd7 h6 36. Be7 Qf2+ 37. Bg2 Be1 38. Qxd6 Qxg3+ 39. Kh1 Bd2 40. Qf6 Bf4 41. Kg1 Qe1+ 42. Bf1 Qe3+ 43. Kh1 Qf3+ 44. Kg1 Be3+ 45. Kh2 Qxf6 46. Bxf6 Bd4 47. Bd8 Bb1 0-1

[Event "SVK-chT2B 10/11"]
[Site "Slovakia"]
[Date "2010.12.04"]
[Round "3.4"]
[White "Kukel, Imre"]
[Black "Capak, Stefan"]
[Result "0-1"]
[WhiteElo "1993"]
[BlackElo "2016"]
[PlyCount "74"]
[EventDate "2010.10.23"]
[EventType "team-tourn"]
[EventRounds "11"]
[EventCountry "SVK"]
[SourceTitle "EXT 2019"]
[Source "ChessBase"]
[SourceDate "2018.10.10"]
[SourceVersion "1"]
[SourceVersionDate "2018.10.10"]
[SourceQuality "1"]
[WhiteTeam "Komarno KSC"]
[BlackTeam "Povazska Bystrica SK Sparta"]
[WhiteTeamCountry "SVK"]
[BlackTeamCountry "SVK"]

1. d4 d5 2. Nf3 Nf6 3. Bg5 e6 4. e3 Nbd7 5. Bd3 Be7 6. Nbd2 c5 7. c3 0-0 8. Ne5 Nxe5 9. dxe5 Nd7 10. Bf4 f6 11. Qh5 f5 12. h4 Rf7 13. Nf3 g6 14. Qh6 Qf8 15. h5 Qxh6 16. Bxh6 Bf8 17. Bf4 Bg7 18. Bb5 Nf8 19. 0-0-0 Bd7 20. Bxd7 Nxd7 21. Rdg1 Nf8 22. Rh3 Rc8 23. hxg6 hxg6 24. g4 d4 25. gxf5 Rxf5 26. Nh4 Rh5 27. Nxg6 Rxh3 28. Ne7+ Kh7 29. Nxc8 dxe3 30. fxe3 Nd7 31. Nd6 Nxe5 32. Nxb7 Nd3+ 33. Kc2 Nxf4 34. exf4 Rh2+ 35. Kb3 c4+ 36. Kxc4 Rxb2 37. a4 Rxb7 0-1